Encyclopedia of energy technology and the environment

Αποθηκεύτηκε σε:
Λεπτομέρειες βιβλιογραφικής εγγραφής
Άλλοι συγγραφείς: Bisio, Attilio (Επιμελητής έκδοσης), Boots, Sharon (Επιμελητής έκδοσης)
Μορφή: Βιβλίο
Γλώσσα:English
Δημοσίευση: New York : John Wiley and Sons, 1995
Σειρά:Wiley encyclopedia series in environmental science
Θέματα:
Ετικέτες: Προσθήκη ετικέτας
Δεν υπάρχουν, Καταχωρήστε ετικέτα πρώτοι!

MARC

LEADER 00000nam a2200000 i 4500
001 1/1860
008 000419s1995 eng d
020 |a 0-471-54458-2 
035 |l 10060182 
040 |a GR-MY-UA  |b gre  |e aacr 
041 0 |a eng 
082 0 |a 333.7903 
245 1 0 |a Encyclopedia of energy technology and the environment /  |c Edited by Attilio Bisio and Sharon Boots 
260 |a New York :   |b John Wiley and Sons,   |c 1995 
300 |a 4 v. 
490 1 |a Wiley encyclopedia series in environmental science 
650 0 0 |a Power resources  |x Handbooks, manuals, etc. 
650 0 0 |a Environmental protection  |x Handbooks, manuals, etc. 
700 1 |a Bisio, Attilio.  |4 edt 
700 1 |a Boots, Sharon.  |4 edt 
830 0 |a Wiley encyclopedia series in environmental science 
852 |a INST  |b LESVOS  |e 20000419  |h 333.7903 ENC  |p 005100023117  |q 005100023117  |t REF  |y 23  |z v.1 
852 |a INST  |b LESVOS  |e 20000420  |h 333.7903 ENC  |p 005100023120  |q 005100023120  |t REF  |y 23  |z v.3 
852 |a INST  |b LESVOS  |e 20000420  |h 333.7903 ENC  |p 005100023121  |q 005100023121  |t REF  |y 23  |z v.4 
852 |a INST  |b LESVOS  |e 20000420  |h 333.7903 ENC  |p 005100023122  |q 005100023122  |t REF  |y 23  |z v.2 
852 |a INST  |b LESVOS  |e 20000419  |h 333.7903 ENC  |p 005100023117  |q 005100023117  |t REF  |v v.1:  |y 23  |z v.1 
852 |a INST  |b LESVOS  |e 20000420  |h 333.7903 ENC  |p 005100023120  |q 005100023120  |t REF  |v v.3:  |y 23  |z v.3 
852 |a INST  |b LESVOS  |e 20000420  |h 333.7903 ENC  |p 005100023121  |q 005100023121  |t REF  |v v.4:  |y 23  |z v.4 
852 |a INST  |b LESVOS  |e 20000420  |h 333.7903 ENC  |p 005100023122  |q 005100023122  |t REF  |v v.2:  |y 23  |z v.2 
853 |a INST  |b LESVOS  |h 333.7903 ENC 
901 |a BIBL1-2000-1 
909 |a Λ  |b 077493 
909 |a Λ  |b 077494 
909 |a Λ  |b 077495 
909 |a Λ  |b 077496 
922 |a 1ΕΛΗ  |b 200003  |c ΤΑΚ/ΤΠ  |d ΠΑΠΑΣΩΤΗΡΙΟΥ 
950 |a 107-1999-11-30 
970 |a ΚΑΜΑΤΣΟΥ  |b ΔΕΣΠΟΙΝΑ  |z 2000/04/20